| 000 | 00715cam a2200229 i 4500 | ||
|---|---|---|---|
| 008 | |||
| 020 | _a9781118013816 (pbk.) | ||
| 049 | _aMAIN | ||
| 090 |
_aLB1044.87 _bBON |
||
| 100 | 1 | _aBonk, Curtis Jay. | |
| 245 | 1 | 4 |
_aThe world is open : _bhow Web technology is revolutionizing education / _cCurtis J. Bonk. |
| 260 |
_aSan Francisco, California : _bJossey-Bass, _c2009. |
||
| 300 |
_axxx, 481 p. ; _c23 cm. |
||
| 500 | _aIncludes index. | ||
| 504 | _aIncludes bibliographical references. | ||
| 650 | 0 | _aInternet in education. | |
| 907 |
_a.b10385939 _b01-08-19 _c17-10-17 |
||
| 003 | |||
| 005 | 20230123122312.0 | ||
| 040 | _cNUST | ||
| 942 |
_cBOOKS _kLB1044.87 _mBON |
||
| 999 |
_c131307 _d131307 |
||